000 00377cam a2200157ua 4500
003 OSt
008 250222b |||||||| |||| 00| 0 eng d
041 _aeng
082 _a005.43
_bRAY/MI
100 _aRay, William .
_97225
245 _a10 Minute guide to unix
250 _a1 /
260 _a :
_bPrentice- Hall of india Pvt Ltd ,
_c1999.
300 _a210 ; .
942 _cBK
999 _c300
_d300